| 000 | 02045cam a22002054a 4500 | ||
|---|---|---|---|
| 005 | 20250605164219.0 | ||
| 008 | 250528s ||||||||||||||||||||||||d | ||
| 035 | _a20601 | ||
| 020 | _a9603011371 | ||
| 040 |
_aGR-AtMCL _bgre _dGR-AtMCL _eAACR2 |
||
| 245 | 1 |
_aΔίκαιο Ανώνυμης Εταιρίας. _nΤεύχος Πρώτο |
|
| 250 | _a3η | ||
| 260 |
_bΣάκκουλα, _c1991 |
||
| 300 | _a268 | ||
| 520 | _aΠρόλογος, Εισαγωγή, Εμφάνιση και Ρόλος Ιστορικός της Ανώνυμης Εταιρίας, Η Διαμόρφωση της Ανώνυμης Εταιρίας, Η Ανώνυμη Εταιρία Κέντρο και Πηγή Αντιφάσεων, Αντιφάσεις στο Μικρόκοσμο της Ανώνυμης Εταιρίας, Η Ανώνυμη Εταιρία στην Υπηρεσία του Φιλελεύθερου Πνεύματος, Ο Όμιλος Ανωνύμων Εταιρειών στην Υπηρεσία των Μονοπωλίων, Η Ανώνυμη Εταιρία Κάτω από Κρατική Εποπτεία και στο Φως της Δημοσιότητας, Η Ανώνυμη Εταιρία Κάτω από Κρατική Εποπτεία και Ευθύνη Ιδιωτών, Γένεση και Μεταβολές και Πέρας της Εταιρίας, Γένεση της Εταιρίας, Ίδρυση Ανώνυμης Εταιρίας, Προέλευση Ανώνυμης Εταιρίας από Μετασχηματισμό, Μεταβολές της Εταιρίας, Τροποποίηση του Καταστατικού, Μετασχηματισμός, Συγχώνευση, Διάσπαση, Λύση και Εκκαθάριση και Αναβίωση της Εταιρίας, Λύση της Εταιρίας, Εκκαθάριση της Εταιρίας, Συντομογραφίες, Πίνακας Περιεχομένων. | ||
| 700 | 1 |
_aΠαμπουκής Κων. Γ _92634 |
|
| 942 | _cBK | ||
| 999 |
_c5692 _d5692 |
||